[Event "Chess.com Classic Play In"]
[Site "Chess.com INT"]
[Date "2025.05.19"]
[Round "4"]
[White "Demchenko, Anton"]
[Black "Gholami Orimi, Mahdi"]
[Result "0-1"]
[WhiteElo "2619"]
[BlackElo "2511"]
[PlyCount "106"]
[EventDate "2025.05.19"]
[EventType "swiss (blitz)"]
[EventRounds "9"]
[EventCountry "USA"]
[SourceTitle "CB21_2025"]
[SourceDate "2025.05.21"]
[SourceVersion "1"]
[SourceVersionDate "2025.05.21"]
[SourceQuality "1"]

1. e4 c5 2. Nc3 Nc6 3. Bb5 Nd4 4. a4 g6 5. Nge2 Bg7 6. d3 e6 7. a5 Ne7 8. Bf4 e5 9. Bg5 f6 10. Be3 Nxb5 11. Nxb5 d6 12. c4 0-0 13. 0-0 f5 14. Bg5 f4 15. Nec3 Bf6 16. Bxf6 Rxf6 17. f3 a6 18. Na3 Qxa5 19. Nd5 Nxd5 20. cxd5 b5 21. Kh1 g5 22. Rg1 Ra7 23. g3 Rg7 24. Nc2 Qc7 25. b4 g4 26. bxc5 Qxc5 27. d4 Qb6 28. Rc1 Bd7 29. gxf4 Rxf4 30. Ne3 Qxd4 31. Qxd4 exd4 32. Nxg4 Bxg4 33. fxg4 Rgxg4 34. Rc8+ Kf7 35. Rgc1 Rxe4 36. R8c7+ Kg6 37. R7c6 d3 38. Rxd6+ Kh5 39. h3 Rg6 40. Rxg6 hxg6 41. Kg2 d2 42. Rd1 Rd4 43. Kf3 Rxd5 44. Ke4 Rd8 45. Kf4 Kh4 46. Kf3 g5 47. Kg2 b4 48. Kf3 a5 49. Ke2 a4 50. Kf3 b3 51. Ke2 b2 52. Kf3 a3 53. Ke2 a2 0-1

[Event "Titled Tuesday intern op 25th Mar Early"]
[Site "Chess.com INT"]
[Date "2025.03.25"]
[Round "4"]
[White "Colville, Julian"]
[Black "Gholami Orimi, Mahdi"]
[Result "0-1"]
[WhiteElo "2162"]
[BlackElo "2509"]
[PlyCount "56"]
[EventDate "2025.03.25"]
[EventType "swiss (blitz)"]
[EventRounds "11"]
[EventCountry "USA"]
[SourceTitle "CB14_2025"]
[SourceDate "2024.11.01"]
[SourceVersion "1"]
[SourceVersionDate "2024.11.01"]
[SourceQuality "1"]

1. e4 c5 2. Nc3 Nc6 3. Nge2 g6 4. d4 cxd4 5. Nxd4 Bg7 6. Be3 d6 7. f3 Nf6 8. Qd2 0-0 9. 0-0-0 Qa5 10. Kb1 Re8 11. g4 h5 12. Nb3 Qd8 13. Be2 hxg4 14. fxg4 Nxg4 15. Bxg4 Bxg4 16. Rdf1 Ne5 17. Nd4 e6 18. Qg2 Bh5 19. Rhg1 Nc4 20. Bg5 Qb6 21. Nb3 Ne3 22. Qf2 Nxf1 23. Qxf1 a5 24. Nb5 a4 25. Nd2 Ra5 26. c4 d5 27. Bf6 Bxf6 28. Qxf6 Qxg1+ 0-1

[Event "Titled Tuesday intern op 18th Mar Late"]
[Site "Chess.com INT"]
[Date "2025.03.18"]
[Round "6"]
[White "Concio, Michael Jr"]
[Black "Gholami Orimi, Mahdi"]
[Result "1-0"]
[WhiteElo "2376"]
[BlackElo "2509"]
[PlyCount "97"]
[EventDate "2025.03.18"]
[EventType "swiss (blitz)"]
[EventRounds "11"]
[EventCountry "USA"]
[SourceTitle "CB13_2025"]
[SourceDate "2025.03.26"]
[SourceVersion "1"]
[SourceVersionDate "2025.03.26"]
[SourceQuality "1"]

1. d4 Nf6 2. c4 e6 3. Nf3 d5 4. Nc3 Bb4 5. cxd5 exd5 6. Bg5 h6 7. Bxf6 Qxf6 8. Qa4+ Nc6 9. e3 0-0 10. Bb5 Bxc3+ 11. bxc3 Ne7 12. 0-0 c6 13. Bd3 a5 14. Qb3 Qd6 15. Nd2 b5 16. a4 Bd7 17. Rfb1 Rfb8 18. h3 b4 19. c4 c5 20. cxd5 cxd4 21. e4 Ng6 22. Nc4 Qf6 23. Rc1 Nf4 24. Bf1 d3 25. g3 Nxh3+ 26. Bxh3 Bxh3 27. Qxd3 Qg6 28. f4 h5 29. Kf2 h4 30. Ne5 hxg3+ 31. Qxg3 Qxe4 32. Qxh3 Qxf4+ 33. Nf3 b3 34. Rh1 Kf8 35. Rae1 Qh6 36. Qxh6 gxh6 37. Rxh6 Kg7 38. Rh4 b2 39. Rb1 Rb6 40. Rd4 Rab8 41. Nd2 Rc8 42. Ke2 Kf6 43. Kd3 Ke7 44. Nc4 Rb3+ 45. Kc2 Rb4 46. Kc3 Kd7 47. Rxb2 Rxa4 48. Kd3 Ke8 49. Nd6+ 1-0

[Event "Titled Tuesday intern op 18th Mar Late"]
[Site "Chess.com INT"]
[Date "2025.03.18"]
[Round "1"]
[White "Paramzina, Anastasya"]
[Black "Gholami Orimi, Mahdi"]
[Result "0-1"]
[WhiteElo "2133"]
[BlackElo "2509"]
[PlyCount "88"]
[EventDate "2025.03.18"]
[EventType "swiss (blitz)"]
[EventRounds "11"]
[EventCountry "USA"]
[SourceTitle "CB13_2025"]
[SourceDate "2025.03.26"]
[SourceVersion "1"]
[SourceVersionDate "2025.03.26"]
[SourceQuality "1"]

1. e4 e5 2. Nf3 Nc6 3. Bc4 Nf6 4. d3 h6 5. 0-0 g6 6. a4 Bg7 7. a5 a6 8. c3 0-0 9. h3 d5 10. exd5 Nxd5 11. Re1 b5 12. axb6 Nxb6 13. Bb3 Bf5 14. Bc2 Qd7 15. Nh4 Be6 16. Nd2 a5 17. Ne4 Qe7 18. Nf3 f5 19. Ng3 Qd6 20. Bb3 Rfe8 21. Bxe6+ Rxe6 22. Qb3 a4 23. Qa2 Rae8 24. Be3 Qxd3 25. Bxb6 cxb6 26. Qxa4 b5 27. Qb3 Qc4 28. Qc2 e4 29. Nd2 Qd5 30. c4 bxc4 31. Nxc4 Nd4 32. Qa4 f4 33. Ne2 Nxe2+ 34. Rxe2 f3 35. Rd2 Qg5 36. g3 e3 37. Nxe3 Rxe3 38. fxe3 Qxg3+ 39. Kf1 Qxh3+ 40. Kg1 Qg3+ 41. Kf1 Rxe3 42. Rc1 Qh3+ 43. Kg1 f2+ 44. Rxf2 Rg3+ 0-1

[Event "Chessable Masters Play In"]
[Site "Chess.com INT"]
[Date "2025.02.17"]
[Round "4"]
[White "Gholami Orimi, Mahdi"]
[Black "Svane, Rasmus"]
[Result "1/2-1/2"]
[WhiteElo "2509"]
[BlackElo "2621"]
[PlyCount "82"]
[EventDate "2025.02.17"]
[EventType "swiss (blitz)"]
[EventRounds "9"]
[EventCountry "USA"]
[SourceTitle "CB08_2025"]
[SourceDate "2025.02.19"]
[SourceVersion "1"]
[SourceVersionDate "2025.02.19"]
[SourceQuality "1"]

1. d4 d5 2. c4 e6 3. Nc3 a6 4. cxd5 exd5 5. Nf3 c6 6. Bg5 Be7 7. Bxe7 Nxe7 8. e3 Bf5 9. Bd3 Nd7 10. 0-0 0-0 11. Rc1 Re8 12. Na4 g6 13. b4 Bxd3 14. Qxd3 Nf5 15. Nc5 Nd6 16. Nd2 a5 17. a3 b6 18. Nxd7 Qxd7 19. Rc2 b5 20. Nb3 axb4 21. Nc5 Qe7 22. axb4 Nc4 23. g3 Kg7 24. Qe2 Ra3 25. Ra2 Rxa2 26. Qxa2 h5 27. Ra1 h4 28. Qa7 hxg3 29. hxg3 Qg5 30. Qd7 Rxe3 31. fxe3 Qxg3+ 32. Kh1 Nxe3 33. Ra2 Qf3+ 34. Kg1 Qf1+ 35. Kh2 Qf4+ 36. Kh1 Qh4+ 37. Kg1 Qg3+ 38. Kh1 Qf3+ 39. Kh2 Qf4+ 40. Kh3 Qf3+ 41. Kh2 Qf4+ 1/2-1/2

[Event "Chessable Masters Play In"]
[Site "Chess.com INT"]
[Date "2025.02.17"]
[Round "6"]
[White "Gholami Orimi, Mahdi"]
[Black "Ter Sahakyan, Samvel"]
[Result "1-0"]
[WhiteElo "2509"]
[BlackElo "2611"]
[PlyCount "85"]
[EventDate "2025.02.17"]
[EventType "swiss (blitz)"]
[EventRounds "9"]
[EventCountry "USA"]
[SourceTitle "CB08_2025"]
[SourceDate "2025.02.19"]
[SourceVersion "1"]
[SourceVersionDate "2025.02.19"]
[SourceQuality "1"]

1. d4 Nf6 2. c4 e6 3. Nc3 Bb4 4. e3 0-0 5. Bd3 d5 6. a3 Bxc3+ 7. bxc3 dxc4 8. Bxc4 c5 9. Nf3 Qc7 10. Be2 b6 11. 0-0 Bb7 12. Bb2 Nbd7 13. Re1 Rfd8 14. Rc1 Rac8 15. Nd2 Nf8 16. f3 e5 17. e4 Ng6 18. d5 Ne8 19. c4 Nd6 20. Nf1 Rf8 21. Ne3 Rce8 22. Bd3 Bc8 23. Rc2 Bd7 24. Rf2 f6 25. g3 Rf7 26. h4 h6 27. h5 Nf8 28. Qc2 Rfe7 29. Ng2 Nh7 30. Nh4 Ng5 31. Kh2 Rf7 32. f4 Nh7 33. Ref1 Bg4 34. fxe5 fxe5 35. Ng6 Rxf2+ 36. Qxf2 Bxh5 37. Nxe5 Nf6 38. Qf4 b5 39. Kg1 a6 40. g4 Qb6 41. gxh5 bxc4 42. Nxc4 Nxc4 43. Bxf6 1-0

[Event "Titled Tuesday intern op 28th Jan Early"]
[Site "Chess.com INT"]
[Date "2025.01.28"]
[Round "8"]
[White "Abdurakhmanov, Mukhmmadali"]
[Black "Gholami Orimi, Mahdi"]
[Result "0-1"]
[WhiteElo "2396"]
[BlackElo "2510"]
[PlyCount "72"]
[EventDate "2025.01.28"]
[EventType "swiss (blitz)"]
[EventRounds "11"]
[EventCountry "USA"]
[SourceTitle "CB06_2025"]
[SourceDate "2025.02.05"]
[SourceVersion "1"]
[SourceVersionDate "2025.02.05"]
[SourceQuality "1"]

1. d4 Nf6 2. Bg5 c5 3. d5 Ne4 4. h4 Nxg5 5. hxg5 Qb6 6. Qc1 g6 7. Nf3 Bg7 8. c3 d6 9. a4 Nd7 10. e4 a6 11. Nbd2 Qc7 12. Nc4 b6 13. Be2 Rb8 14. Ne3 h6 15. gxh6 Rxh6 16. Rxh6 Bxh6 17. Qd2 Nf6 18. Qd3 b5 19. axb5 axb5 20. e5 dxe5 21. Nd2 c4 22. Qc2 Bxe3 23. fxe3 Nxd5 24. Nf1 Kf8 25. Bf3 Nf6 26. Qf2 Kg7 27. Qh4 Bf5 28. Ng3 Bd3 29. Kf2 Rh8 30. Qg5 Qc5 31. Ra6 b4 32. Rc6 Qa5 33. cxb4 Qxb4 34. Qxe5 Qd2+ 35. Be2 Bxe2 36. Nxe2 Rh5 0-1

[Event "Titled Tuesday intern op 28th Jan Early"]
[Site "Chess.com INT"]
[Date "2025.01.28"]
[Round "10"]
[White "Galchenko, Matvey"]
[Black "Gholami Orimi, Mahdi"]
[Result "1-0"]
[WhiteElo "2438"]
[BlackElo "2510"]
[PlyCount "87"]
[EventDate "2025.01.28"]
[EventType "swiss (blitz)"]
[EventRounds "11"]
[EventCountry "USA"]
[SourceTitle "CB06_2025"]
[SourceDate "2025.02.05"]
[SourceVersion "1"]
[SourceVersionDate "2025.02.05"]
[SourceQuality "1"]

1. e4 c5 2. c3 Nf6 3. e5 Nd5 4. Nf3 d6 5. Bc4 e6 6. d4 Nc6 7. 0-0 Be7 8. exd6 Qxd6 9. dxc5 Qxc5 10. Nbd2 Nb6 11. Bb3 0-0 12. Ne4 Qh5 13. Ng3 Qb5 14. Re1 Rd8 15. Qc2 Na5 16. Re5 Qa6 17. Ng5 Bxg5 18. Rxg5 Nxb3 19. Qxb3 Qd3 20. Be3 f6 21. Rc5 Kh8 22. h3 Qg6 23. Rc7 Nd5 24. Rd1 Re8 25. Qa4 Rg8 26. Rxd5 exd5 27. Qd4 b6 28. Qxd5 Ba6 29. Kh2 Rgd8 30. Qf5 Bd3 31. Qf4 Rdc8 32. Re7 Re8 33. Rd7 Red8 34. Rc7 Bb1 35. a3 Bd3 36. h4 Qe8 37. Qg4 Qf8 38. Bd4 Rac8 39. Rxa7 Rb8 40. Rc7 h6 41. Nh5 g6 42. Bxf6+ Kg8 43. Rg7+ Qxg7 44. Nxg7 1-0

[Event "Titled Tuesday intern op 28th Jan Early"]
[Site "Chess.com INT"]
[Date "2025.01.28"]
[Round "7"]
[White "Gholami Orimi, Mahdi"]
[Black "Lortkipanidze, Nodar"]
[Result "1/2-1/2"]
[WhiteElo "2510"]
[BlackElo "2359"]
[PlyCount "31"]
[EventDate "2025.01.28"]
[EventType "swiss (blitz)"]
[EventRounds "11"]
[EventCountry "USA"]
[SourceTitle "CB06_2025"]
[SourceDate "2025.02.05"]
[SourceVersion "1"]
[SourceVersionDate "2025.02.05"]
[SourceQuality "1"]

1. d4 e6 2. c4 b6 3. Nc3 Bb7 4. e4 Bb4 5. f3 f5 6. exf5 Nh6 7. Qd3 Nxf5 8. Nge2 Nc6 9. a3 Bxc3+ 10. bxc3 Qf6 11. g3 Na5 12. Bf4 Ba6 13. Qe4 Bb7 14. Qd3 Ba6 15. Qe4 Bb7 16. Qd3 1/2-1/2

[Event "Titled Tuesday intern op 28th Jan Early"]
[Site "Chess.com INT"]
[Date "2025.01.28"]
[Round "1"]
[White "Korol, Dimitry"]
[Black "Gholami Orimi, Mahdi"]
[Result "0-1"]
[WhiteElo "2287"]
[BlackElo "2510"]
[PlyCount "86"]
[EventDate "2025.01.28"]
[EventType "swiss (blitz)"]
[EventRounds "11"]
[EventCountry "USA"]
[SourceTitle "CB06_2025"]
[SourceDate "2025.02.05"]
[SourceVersion "1"]
[SourceVersionDate "2025.02.05"]
[SourceQuality "1"]

1. d4 Nf6 2. c4 e6 3. Nc3 Bb4 4. Qc2 0-0 5. e4 d6 6. e5 dxe5 7. dxe5 Ng4 8. Nf3 Nc6 9. Bf4 Nd4 10. Nxd4 Qxd4 11. Bg3 Nxe5 12. Rd1 Bxc3+ 13. Qxc3 Qxc3+ 14. bxc3 Nc6 15. Bxc7 e5 16. c5 Be6 17. a3 Rfc8 18. Bd6 f6 19. Be2 Na5 20. Bf3 Rd8 21. Bc7 Rxd1+ 22. Kxd1 Nc6 23. Bxc6 bxc6 24. Kd2 Rc8 25. Bd6 Bd5 26. f3 Rd8 27. Rb1 Rd7 28. Kd3 Kf7 29. Rb8 g5 30. c4 Be6 31. Kc3 h5 32. Kb4 Kg6 33. Rf8 Rb7+ 34. Kc3 Rb1 35. Ra8 Rc1+ 36. Kd2 Ra1 37. Rxa7 Ra2+ 38. Kc3 Rxg2 39. a4 Rxh2 40. a5 Ra2 41. Kb4 h4 42. Ra8 h3 43. Rh8 Kg7 0-1

[Event "Titled Tuesday intern op 14th Jan Early"]
[Site "Chess.com INT"]
[Date "2025.01.14"]
[Round "4"]
[White "Suder, Jakub"]
[Black "Gholami Orimi, Mahdi"]
[Result "1/2-1/2"]
[WhiteElo "2343"]
[BlackElo "2510"]
[PlyCount "130"]
[EventDate "2025.01.14"]
[EventType "swiss (blitz)"]
[EventRounds "11"]
[EventCountry "USA"]
[SourceTitle "CB04_2025"]
[SourceDate "2025.01.22"]
[SourceVersion "1"]
[SourceVersionDate "2025.01.22"]
[SourceQuality "1"]

1. d4 d6 2. Nf3 c6 3. e4 Nd7 4. Nc3 e5 5. Bc4 Be7 6. dxe5 dxe5 7. a4 Qc7 8. 0-0 Ngf6 9. Qe2 h6 10. Nh4 Nf8 11. Nf5 Bxf5 12. exf5 N8h7 13. Be3 0-0 14. Qf3 Bb4 15. Ne4 a5 16. Rad1 Rad8 17. c3 Be7 18. Nc5 Ng5 19. Bxg5 hxg5 20. Ne4 Nxe4 21. Qxe4 Qb6 22. b3 Qc5 23. Bd3 Bf6 24. Qc4 Qxc4 25. Bxc4 e4 26. Rc1 Rd2 27. Rfe1 Re8 28. Kf1 Kf8 29. Re2 Rxe2 30. Kxe2 Rd8 31. Ke3 g4 32. Rc2 Bg5+ 33. Kxe4 Rd1 34. Re2 Ke7 35. f3 gxf3 36. Kxf3+ Kf6 37. Kg4 Rf1 38. g3 Rxf5 39. Bxf7 Rc5 40. Rf2+ Ke7 41. Rf5 Rxf5 42. Kxf5 Bf6 43. Kg6 Bxc3 44. g4 Kd6 45. h4 Kc5 46. g5 Kb4 47. h5 b5 48. axb5 cxb5 49. Bd5 Kc5 50. Be6 Kb4 51. Kf7 Bd4 52. h6 gxh6 53. gxh6 Ka3 54. h7 b4 55. Bc4 Kb2 56. Ke6 Ka3 57. Kd5 Bh8 58. Ke4 a4 59. bxa4 Kxa4 60. Kf5 b3 61. Bxb3+ Kxb3 62. Kg6 Kc4 63. Kf7 Bd4 64. Kg8 Kd5 65. h8Q Bxh8 1/2-1/2

[Event "Titled Tuesday intern op 07th Jan Early"]
[Site "Chess.com INT"]
[Date "2025.01.07"]
[Round "3"]
[White "Agibileg, Uurtsaikh"]
[Black "Gholami Orimi, Mahdi"]
[Result "1-0"]
[WhiteElo "2392"]
[BlackElo "2510"]
[PlyCount "87"]
[EventDate "2025.01.07"]
[EventType "swiss (blitz)"]
[EventRounds "11"]
[EventCountry "USA"]
[SourceTitle "CB03_2025"]
[SourceDate "2025.01.15"]
[SourceVersion "1"]
[SourceVersionDate "2025.01.15"]
[SourceQuality "1"]

1. d4 Nf6 2. c4 g6 3. Nc3 Bg7 4. e4 d6 5. Be2 0-0 6. Nf3 e5 7. 0-0 h6 8. d5 a5 9. Nd2 Na6 10. a3 Nc5 11. b3 c6 12. Bb2 Bd7 13. b4 Na6 14. c5 axb4 15. axb4 Nxb4 16. Rxa8 Qxa8 17. cxd6 cxd5 18. Qb3 Nc6 19. Nxd5 Nxd5 20. exd5 Nd4 21. Bxd4 exd4 22. Bb5 Qd8 23. Nc4 Bf5 24. Re1 h5 25. h3 Qg5 26. d7 Rd8 27. Re8+ Kh7 28. Qg3 Qc1+ 29. Kh2 Bf6 30. Qc7 Bg5 31. Qg3 h4 32. Qf3 Bf4+ 33. g3 hxg3+ 34. fxg3 Bc7 35. Rxd8 Bxd8 36. g4 Qc2+ 37. Kg3 Be4 38. Qxf7+ Kh6 39. Qf8+ Kh7 40. Qxd8 Qg2+ 41. Kf4 Bxd5 42. Qe7+ Kh6 43. g5+ Kh5 44. Qh7# 1-0

[Event "Titled Tuesday intern op 07th Jan Early"]
[Site "Chess.com INT"]
[Date "2025.01.07"]
[Round "8"]
[White "Caspi, Israel"]
[Black "Gholami Orimi, Mahdi"]
[Result "0-1"]
[WhiteElo "2458"]
[BlackElo "2510"]
[PlyCount "72"]
[EventDate "2025.01.07"]
[EventType "swiss (blitz)"]
[EventRounds "11"]
[EventCountry "USA"]
[SourceTitle "CB03_2025"]
[SourceDate "2025.01.15"]
[SourceVersion "1"]
[SourceVersionDate "2025.01.15"]
[SourceQuality "1"]

1. e4 c5 2. Nf3 a6 3. c4 Nc6 4. d4 cxd4 5. Nxd4 e5 6. Nf5 Nf6 7. Nc3 d5 8. cxd5 Bxf5 9. exf5 Nd4 10. g4 h5 11. g5 Nxd5 12. Bg2 Bb4 13. Bd2 Nf4 14. Bxf4 exf4 15. 0-0 f3 16. Re1+ Kf8 17. Bxf3 Qxg5+ 18. Kh1 Qxf5 19. Bxb7 Rd8 20. f3 Rh6 21. Be4 Qf4 22. Ne2 Qb8 23. Nxd4 Bxe1 24. Qxe1 Rxd4 25. Rc1 Rhd6 26. Qc3 Rd1+ 27. Rxd1 Rxd1+ 28. Kg2 Kg8 29. b3 Qd8 30. Kf2 Qd2+ 31. Qxd2 Rxd2+ 32. Kg3 Rxa2 33. h4 Rb2 34. Bd5 g6 35. Kf4 Kg7 36. Ke5 Rh2 0-1

[Event "Titled Tuesday intern op 07th Jan Early"]
[Site "Chess.com INT"]
[Date "2025.01.07"]
[Round "7"]
[White "Gholami Orimi, Mahdi"]
[Black "Nakamura, Hikaru"]
[Result "0-1"]
[WhiteElo "2510"]
[BlackElo "2802"]
[PlyCount "68"]
[EventDate "2025.01.07"]
[EventType "swiss (blitz)"]
[EventRounds "11"]
[EventCountry "USA"]
[SourceTitle "CB03_2025"]
[SourceDate "2025.01.15"]
[SourceVersion "1"]
[SourceVersionDate "2025.01.15"]
[SourceQuality "1"]

1. d4 g6 2. c4 Bg7 3. e4 d6 4. Nc3 Nd7 5. Be2 c5 6. Nf3 b6 7. 0-0 Bb7 8. Re1 cxd4 9. Nxd4 Ngf6 10. f3 0-0 11. Be3 a6 12. Qd2 e6 13. Bf1 Qc7 14. Rac1 Rac8 15. Red1 Rfd8 16. b3 Qb8 17. Qf2 h6 18. Na4 d5 19. cxd5 exd5 20. Rxc8 Rxc8 21. e5 Qxe5 22. Ne2 Rc2 23. Nxb6 Nxb6 24. Bxb6 Rxa2 25. Rc1 Qe8 26. Qe3 Qxe3+ 27. Bxe3 Ne8 28. Nd4 h5 29. b4 Rb2 30. b5 axb5 31. Nxb5 Ba6 32. Nc7 Nxc7 33. Rxc7 Rb1 34. Rc1 Rxc1 0-1

[Event "Muscat-ch op"]
[Site "Muscat"]
[Date "2024.12.29"]
[Round "6"]
[White "Shashish, Subbiah"]
[Black "Gholami Orimi, Mahdi"]
[Result "0-1"]
[WhiteElo "2009"]
[BlackElo "2507"]
[PlyCount "114"]
[EventDate "2024.12.26"]
[EventType "swiss"]
[EventRounds "9"]
[EventCountry "OMN"]
[SourceTitle "CB01_2025"]
[SourceDate "2025.01.01"]
[SourceVersion "1"]
[SourceVersionDate "2025.01.01"]
[SourceQuality "1"]

1. d4 g6 2. Nf3 Bg7 3. g3 d5 4. Bg2 c6 5. 0-0 Nf6 6. c4 dxc4 7. a4 0-0 8. Na3 Be6 9. Ng5 Bd5 10. e4 h6 11. exd5 hxg5 12. dxc6 Nxc6 13. Nxc4 Nxd4 14. Bxg5 Rc8 15. Rc1 b6 16. Re1 Ne6 17. Be3 Qxd1 18. Rexd1 Ng4 19. b4 Rc7 20. Bh3 f5 21. Bxg4 fxg4 22. Na3 Rxc1 23. Rxc1 Bb2 24. Rc6 Nd8 25. Rxg6+ Kf7 26. Rxg4 Bxa3 27. a5 bxa5 28. bxa5 a6 29. Rc4 Bd6 30. h4 Nb7 31. Bb6 Ke6 32. Kg2 Kd5 33. Rg4 Bc5 34. Rg5+ Kd6 35. Bxc5+ Nxc5 36. f4 Ne4 37. Re5 Nf6 38. Kh3 Rb8 39. h5 Rb1 40. g4 Rh1+ 41. Kg2 Rh4 42. Kf3 Rxg4 43. Re1 Rh4 44. Rb1 Nd5 45. Rb8 Rxh5 46. Ra8 Nc7 47. Rd8+ Kc6 48. Rd4 Rxa5 49. Rc4+ Rc5 50. Re4 e6 51. Ra4 a5 52. Ke4 Nd5 53. Ra1 Nc3+ 54. Kd3 Nd5 55. Ke4 Kd6 56. f5 Nf6+ 57. Ke3 Rxf5 0-1

[Event "Muscat-ch op"]
[Site "Muscat"]
[Date "2024.12.27"]
[Round "3"]
[White "Gholami Orimi, Mahdi"]
[Black "Mirzaei, Saleh"]
[Result "1-0"]
[WhiteElo "2507"]
[BlackElo "1960"]
[PlyCount "73"]
[EventDate "2024.12.26"]
[EventType "swiss"]
[EventRounds "9"]
[EventCountry "OMN"]
[SourceTitle "CB01_2025"]
[SourceDate "2025.01.01"]
[SourceVersion "1"]
[SourceVersionDate "2025.01.01"]
[SourceQuality "1"]

1. d4 d5 2. c4 c6 3. Nf3 Nf6 4. e3 g6 5. Nc3 Bg7 6. Be2 0-0 7. 0-0 a6 8. Qb3 dxc4 9. Bxc4 b5 10. Be2 Be6 11. Qc2 h6 12. h3 Nbd7 13. e4 Qc8 14. Be3 Qb7 15. Ne5 c5 16. Nxd7 Bxd7 17. dxc5 b4 18. Nd5 Nxd5 19. exd5 Qxd5 20. Bf3 Qe6 21. Bxa8 Rxa8 22. Qd2 a5 23. Bxh6 Bxh6 24. Qxh6 Bc6 25. Qe3 Qd5 26. f3 Rd8 27. Qxe7 Qd4+ 28. Kh1 Rd7 29. Qe2 Qxc5 30. Rac1 Qb6 31. Rfd1 Rxd1+ 32. Rxd1 Bb5 33. Qe5 Kh7 34. Rd6 Qc7 35. Qd4 Qc1+ 36. Kh2 Qc7 37. Qh4+ 1-0